1338 1685 1095 1508 1493 1905 1325 1292 1475 1218 1015 1094 1224 1488 1841 1758 1999 1535 1664 1571 1865 1296 1276 1758 1717 1288 1831 1197 1058 1957 1867 1077 1158 1960 1654 1979 1005 1708 1863 1033 1443 1312 1705 1329 1195 1662 1000 1928 1350 1981 1417 1523 1234 1704 1697 1677 1059 1414 1499 1528 1029 1757 1928 1189 1571 1281 1128 1410 1034 1460 1852 1873 1126 1675 1029 1319 1392 1089 1760 1597 1448 1318 1683 1940 1842 1449 1536 1604 1608 1287 1482 1697 1683 1193 1064 1773 1668 1089 1820 BCNSPRNW ULIB Ver.6.0+V

เปลี่ยนเป็นภาษาไทย

Change to English
 แสดงรายละเอียดบรรณานุกรม
  กลับหน้าหลัก

Brief Record : Get Marc (ISO 2709) : E-mail record : QR code < ปิดหน้าต่าง
LEADER : 00000nam 2200000uu 4500
001    13399110527
003     ULIB
008    110602s2552||||th 000 0 tha d
020    9789745985353
060 04 ^aWQ13^bว336ศ
100 0  วรุณวรรณ ผาโคตร
245 10 ศัพท์ :^bแม่ เด็กและเวชศาสตร์ครอบครัว = Vocabulary in maternal child and family practitioner /^cวรุณวรรณ ผาโคตร,สิรนาถ นุชนาถ
246 31 Vocabulary in maternal child and family practitioner
250    พิมพ์ครั้งที่ 1
260    กรุงเทพฯ :^bเค. เอส. พี.,^c2552
300    295 หน้า
504    บรรณานุกรม: หน้า 295
650  2 Family practice^xDictionaries
650  2 Medicine^xDictionaries
700 00 สิรนาถ นุชนาถ,^eผู้แต่งร่วม
945    ^p199^l0^i027298
945    ^p199^l0^i027297
945    ^p199^l0^i027296
945    ^p199^l0^i031561
945    ^p199^l0^i031686
945    ^p199^l0^i031687
995     ทศพร
999 ^a ใช้งานได้ทุกระบบ
รายการนี้ยังไม่มีแท็ก
คุณยังไม่ได้ล็อกอิน คุณสามารถมีกิจกรรมร่วมกับเว็บไซต์ได้ แต่ต้องล็อกอินก่อน ::
  ล็อกอิน

รายการสื่อสารสนเทศ

ลำดับที่ ประเภท เลขเรียก/บาร์โค้ด สถานที่ สถานะ
- ไม่พบข้อมูล -

รายการใกล้เคียง
    ผู้แต่ง [วรุณวรรณ ผาโคตร]

    หัวเรื่อง [Medicine Dictionaries]

BibComment


ยังไม่เคยถูกคอมเมนท์

คอมเมนท์ทรัพยากรรายการนี้
  คอมเมนท์: ศัพท์ แม่ เด็กแล..


 Copyright 2026. Bcnsprnw @Library